000 00542nam a2200193Ia 4500
003 GCL
008 140319s9999 xx 000 0 ara d
040 _aGCL /
_cGCL
082 0 4 _a796.42
_bس ت
100 1 _aسليمان على حسن
245 1 0 _aتنمية القوة العضلية /
_cسليمان على حسن
700 1 _aعواطف محمد لبيب
300 _a175 ص
490 _a
650 0 4 _aالالعاب الرياضية
650 0 4 _aالعاب القوى
650 0 4 _aالعاب القفز
942 _2ddc
_cBK
999 _c40210
_d40210